Finding the Titanic / (Record no. 687)

MARC details
000 -LEADER
fixed length control field 01083nam a22003137a 4500
005 - DATE AND TIME OF LATEST TRANSACTION
control field 20250812131800.0
020 ## - INTERNATIONAL STANDARD BOOK NUMBER
International Standard Book Number 0590472305
020 ## - INTERNATIONAL STANDARD BOOK NUMBER
International Standard Book Number 9780590472302
040 ## - CATALOGING SOURCE
Original cataloging agency DLC
Transcribing agency DLC
Modifying agency DLC
Language of cataloging eng
050 00 - LIBRARY OF CONGRESS CALL NUMBER
Classification number G530.T6
Item number B495 1993
082 00 - DEWEY DECIMAL CLASSIFICATION NUMBER
Classification number 910/.91634
Edition number 21
100 1# - MAIN ENTRY--PERSONAL NAME
Personal name Ballard, Robert D.
245 10 - TITLE STATEMENT
Title Finding the Titanic /
Statement of responsibility, etc. by Robert D. Ballard with Nan Froman ; paintings by Ken Marschall.
260 ## - PUBLICATION, DISTRIBUTION, ETC.
Place of publication, distribution, etc. New York :
Name of publisher, distributor, etc. Scholastic,
Date of publication, distribution, etc. 1993.
300 ## - PHYSICAL DESCRIPTION
Extent 48 pages :
Other physical details color illustrations ;
Dimensions 23 cm.
500 ## - GENERAL NOTE
General note "Cartwheel books".
505 ## - FORMATTED CONTENTS NOTE
Formatted contents note M
520 ## - SUMMARY, ETC.
Summary, etc. Describes the voyage of the Titanic, the accident that caused it to sink, and the rescue of those who survived.
521 0# - TARGET AUDIENCE NOTE
Target audience note 650 <br/>
Source Lexile
521 1# - TARGET AUDIENCE NOTE
Target audience note M <br/>
Source Raz-Plus
650 #0 - SUBJECT ADDED ENTRY--TOPICAL TERM
Topical term or geographic name entry element Shipwrecks
Geographic subdivision North Atlantic Ocean
General subdivision Juvenile literature.
650 #0 - SUBJECT ADDED ENTRY--TOPICAL TERM
Topical term or geographic name entry element Underwater exploration
Geographic subdivision North Atlantic Ocean
General subdivision Juvenile literature.
650 #1 - SUBJECT ADDED ENTRY--TOPICAL TERM
Topical term or geographic name entry element Shipwrecks.
700 1# - ADDED ENTRY--PERSONAL NAME
Personal name Froman, Nan
700 1# - ADDED ENTRY--PERSONAL NAME
Personal name Marschall, Ken
Relator term illustrations
906 ## - LOCAL DATA ELEMENT F, LDF (RLIN)
a 7
b cbc
c orignew
d 1
e ocip
f 19
g y-gencatlg
942 ## - ADDED ENTRY ELEMENTS (KOHA)
Source of classification or shelving scheme Dewey Decimal Classification
Koha item type Books
Suppress in OPAC No
999 ## -
-- 687
-- 687
Holdings
Withdrawn status Lost status Source of classification or shelving scheme Damaged status Not for loan Collection Home library Current library Shelving location Date acquired Total Checkouts Full call number Barcode Date last seen Date last checked out Price effective from Koha item type
    Dewey Decimal Classification     Non-Fiction Footprints International School Library Network Toul Tom Poung Campus Footprints International School Library Network Toul Kork Campus TTP Primary Orange Bookshelves 06/29/2023 3 BAL 910.91634 G530.T6 FIS04813 03/11/2026 02/06/2026 06/29/2023 Books